000
00506nam a2200145Ia 4500
008
100204s9999 xx 000 0 und d
082
_b
12321
100
_a
निमकर प्रतिभा अशोक
245
_a
तीन बालनाटिका
260
_b
"प्रतिभा अशोक निमकर , मुंबई"
_c
1989
300
_a
48
630
_a
तीन बालनाटिका
730
_a
तीन बालनाटिका
942
_c
BOOK
999
_c
456754
_d
456751